London Rents (Record no. 120835)

MARC details
000 -LEADER
fixed length control field 00828cai a22001815a 4500
001 - CONTROL NUMBER
control field L149127
008 - FIXED-LENGTH DATA ELEMENTS--GENERAL INFORMATION
fixed length control field 100114u xxk g 000 0 eng d
035 ## - SYSTEM CONTROL NUMBER
System control number (Sirsi) u149127
041 0# - LANGUAGE CODE
Language code of text/sound track or separate title eng
110 2# - MAIN ENTRY--CORPORATE NAME
Corporate name or jurisdiction name as entry element Greater London Authority
9 (RLIN) 5818
245 00 - TITLE STATEMENT
Title London Rents
Medium [electronic resource]
520 ## - SUMMARY, ETC.
Summary, etc. Shows average private sector rents for different types of home across London. The data is available at postcode district level (SW19 or E7, for example), and is based on a sample covering the last 12 months so does not fully reflect the most recent short-term trends in the market.
590 ## - LOCAL NOTE (RLIN)
Local note KA
651 #4 - SUBJECT ADDED ENTRY--GEOGRAPHIC NAME
Geographic name England
Chronological subdivision 886-
690 ## - LOCAL SUBJECT ADDED ENTRY--TOPICAL TERM (OCLC, RLIN)
Topical term or geographic name as entry element PROPERTY-RESIDENTIAL PROPERTY-RESIDENTIAL PROPERTY MARKET
856 40 - ELECTRONIC LOCATION AND ACCESS
Uniform Resource Identifier <a href="https://www.london.gov.uk/rents/">https://www.london.gov.uk/rents/</a>
Public note View the website free of charge at www.london.gov.uk/rents...
942 ## - ADDED ENTRY ELEMENTS (KOHA)
Suppress in OPAC 0
Holdings
Withdrawn status Lost status Source of classification or shelving scheme Damaged status Not for loan Home library Current library Shelving location Date acquired Total Checkouts Full call number Barcode Date last seen Copy number Price effective from Koha item type
    Dewey Decimal Classification     Virtual Virtual Online 14/01/2010   WEBSITE 149127-2001 06/08/2019 1 06/08/2019 Online material